| 000 | 00649nam a22002297a 4500 | ||
|---|---|---|---|
| 005 | 20170124105933.0 | ||
| 010 | _aA-382045 | ||
| 020 | _c00.00 | ||
| 035 | _aA-382045 | ||
| 037 | _bCen Lib/Ret | ||
| 040 |
_aDPL _bEN |
||
| 082 |
_a301.153 _bBHA |
||
| 100 |
_aBharathi, K.S _98868 |
||
| 245 |
_aSocio religious thoughts of Mahatma Gandhi / _cby K.S. Bharathi |
||
| 260 |
_aNagpur _bDattsons publishers _c1989 |
||
| 270 |
_bNagpur _aJ. nehru marg, sadar |
||
| 300 |
_a200p. _c21cm(Hb) |
||
| 500 | _aIncludes index | ||
| 650 |
_aPolitics _96612 |
||
| 650 |
_aPolitician leader _zIndia _98869 |
||
| 942 |
_2ddc _cEN _h301.153 _mBHA |
||
| 999 |
_c124004 _d124004 |
||